Метод коллекторного компактирования нано- и полидисперсных порошков: учебное пособие
| Egile nagusia: | |
|---|---|
| Erakunde egilea: | |
| Beste egile batzuk: | , |
| Gaia: | Заглавие с титульного экрана Электронная версия печатной публикации В учебном пособии описаны наиболее распространенные и перспективные методы формования нанопорошков для получения керамики конструкционного и функционального назначений. Описаны и проанализированы общие закономерности процесса уплотнения. Представлена методика построения кривых уплотнения, позволяющая определить значения коэффициентов уравнения прессования упругих параметров, уплотнения порошкового тела. Изложены принципы коллекторного способа прессования, реализация которого позволяет минимизировать перепады плотности по объему порошковой прессовки. Описаны конструкции коллекторных пресс-форм для производства порошковых изделий различной геометрической формы. Представлены экспериментальные данные и данные компьютерного моделирования процессов уплотнения порошков, подтверждающие эффективность коллекторного способа прессования. Режим доступа: из корпоративной сети ТПУ |
| Hizkuntza: | errusiera |
| Argitaratua: |
Томск, Изд-во ТПУ, 2009
|
| Gaiak: | |
| Sarrera elektronikoa: | http://www.lib.tpu.ru/fulltext2/m/2012/m130.pdf |
| Formatua: | MixedMaterials Baliabide elektronikoa Liburua |
| KOHA link: | https://koha.lib.tpu.ru/cgi-bin/koha/opac-detail.pl?biblionumber=212406 |
MARC
| LEADER | 00000nlm0a2200000 4500 | ||
|---|---|---|---|
| 001 | 212406 | ||
| 005 | 20251202100922.0 | ||
| 035 | |a (RuTPU)RU\TPU\book\232058 | ||
| 090 | |a 212406 | ||
| 100 | |a 20120327d2009 m y0rusy50 ca | ||
| 101 | 0 | |a rus | |
| 102 | |a RU | ||
| 105 | |a a j 001zy | ||
| 135 | |a drnn ---uucaa | ||
| 200 | 1 | |a Метод коллекторного компактирования нано- и полидисперсных порошков |e учебное пособие |f О. Л. Хасанов, Э. С. Двилис, А. А. Качаев |g Национальный исследовательский Томский политехнический университет (ТПУ) | |
| 210 | |a Томск |c Изд-во ТПУ |d 2009 | ||
| 300 | |a Заглавие с титульного экрана | ||
| 300 | |a Электронная версия печатной публикации | ||
| 330 | |a В учебном пособии описаны наиболее распространенные и перспективные методы формования нанопорошков для получения керамики конструкционного и функционального назначений. Описаны и проанализированы общие закономерности процесса уплотнения. Представлена методика построения кривых уплотнения, позволяющая определить значения коэффициентов уравнения прессования упругих параметров, уплотнения порошкового тела. Изложены принципы коллекторного способа прессования, реализация которого позволяет минимизировать перепады плотности по объему порошковой прессовки. Описаны конструкции коллекторных пресс-форм для производства порошковых изделий различной геометрической формы. Представлены экспериментальные данные и данные компьютерного моделирования процессов уплотнения порошков, подтверждающие эффективность коллекторного способа прессования. | ||
| 333 | |a Режим доступа: из корпоративной сети ТПУ | ||
| 337 | |a Adobe Reader | ||
| 452 | 1 | |0 (RuTPU)RU\TPU\book\200022 |t Метод коллекторного компактирования нано- и полидисперсных порошков |o учебное пособие |g Томский политехнический университет (ТПУ) |f О. Л. Хасанов, Э. С. Двилис, А. А. Качаев |c Томск |n Изд-во ТПУ |d 2009 |p 98 с. |a Хасанов, Олег Леонидович | |
| 606 | 1 | |a Металлические порошки |x Формование |2 stltpush |3 (RuTPU)RU\TPU\subj\69830 |9 84519 | |
| 610 | 1 | |a технологические характеристики | |
| 610 | 1 | |a свойства | |
| 610 | 1 | |a наноструктурная керамика | |
| 610 | 1 | |a нанопорошки | |
| 610 | 1 | |a получение | |
| 610 | 1 | |a порошковые массы | |
| 610 | 1 | |a прессование | |
| 610 | 1 | |a пресс-формы | |
| 610 | 1 | |a коллекторное компактирование | |
| 610 | 1 | |a учебные пособия | |
| 610 | 1 | |a труды учёных ТПУ | |
| 610 | 1 | |a материаловедение | |
| 610 | 1 | |a наноматериалы | |
| 610 | 1 | |a нанотехнологии | |
| 610 | 1 | |a электронный ресурс | |
| 675 | |a 621.762.4.04(075.8) |v 3 | ||
| 700 | 1 | |a Хасанов |b О. Л. |c физик, специалист в области наноматериалов |c профессор Томского политехнического университета, доктор технических наук |c директор Нано-Центра ТПУ, заведующий кафедрой наноматериалов и нанотехнологий |f 1958- |g Олег Леонидович |3 (RuTPU)RU\TPU\pers\26436 |9 12140 | |
| 701 | 1 | |a Двилис |b Э. С. |c химик-технолог |c старший научный сотрудник Томского политехнического университета, профессор, доктор физико-математических наук |f 1969- |g Эдгар Сергеевич |3 (RuTPU)RU\TPU\pers\26838 |9 12457 | |
| 701 | 1 | |a Качаев |b А. А. |c специалист в области наноматериалов и нанотехнологий |c инженер Томского политехнического университета |g Артем Алексеевич |3 (RuTPU)RU\TPU\pers\26839 | |
| 712 | 0 | 2 | |a Национальный исследовательский Томский политехнический университет (ТПУ) |c (2009- ) |3 (RuTPU)RU\TPU\col\15902 |
| 801 | 1 | |a RU |b 63413507 |c 20100909 | |
| 801 | 2 | |a RU |b 63413507 |c 20140224 |g RCR | |
| 856 | 4 | |u http://www.lib.tpu.ru/fulltext2/m/2012/m130.pdf | |
| 942 | |c CF | ||